000 00438nam a2200133Ia 4500
008 220217s9999 xx 000 0 und d
245 0 _aMethods of test for natural rubber. Part 1.Determination of dirt. NR:1. (Second Revision)
260 _aNew Delhi
260 _c1985
_bISI
490 _aRubber sectional committee, PCDC 14
500 _aStandard number: IS 3660 (Part I)
650 _aRubber testing, dirt determination
942 _cST
999 _c73719
_d73719